Sports Quiz

Random Sports Quiz
Score 0/9 Timer 05:00
0 Plays Today
First-last All-Star selection with team Player % Correct
1998-2013Tim Duncan
99.4%
2006-2013Tony Parker
98.1%
1990-2001David Robinson
94.2%
2005-2011Manu Ginobili
80.1%
1977-1985George Gervin
73.9%
1993-1996Sean Elliott
41%
1986-1988Alvin Robertson
24%
1983-1986Artis Gilmore
24%
1978-1979Larry Kenon
11.7%
Remove Ads.
Support Sporcle.
Get the best of Sporcle when you Go Orange. This ad-free experience offers more features, more stats, and more fun while also helping to support Sporcle. Thank you for becoming a member.

You're not logged in!

Compare scores with friends on all Sporcle quizzes.
OR
Log In

Show Comments

Extras

Top Quizzes Today


Score Distribution

Your Account Isn't Verified!

In order to create a playlist on Sporcle, you need to verify the email address you used during registration. Go to your Sporcle Settings to finish the process.

Report this User

Report this user for behavior that violates our Community Guidelines.

Details: